Mudhakkirāt futūwah /
Saved in:
Main Author:
Format: Book
Language: Arabic
Published:
Miṣr :
Ḥusnī Yūsuf,
[1927].
Subjects:
Tags: Add Tag
No Tags, Be the first to tag this record!
Call Number: PJ7808 .H315 M8 1927
| LEADER | 01443nam a2200289I 4500 | ||
|---|---|---|---|
| 001 | 10030 | ||
| 003 | OSt | ||
| 005 | 20231126083115.0 | ||
| 008 | 130303s1927 ua 000 f ara d | ||
| 952 | |0 0 |1 0 |2 lcc |4 0 |6 PJ7808 H315 M8 01927 |7 1 |9 57118 |a ARCE |b ARCE |d 2023-11-26 |l 0 |o PJ7808 .H315 M8 1927 |p 1023124 |r 2023-11-26 00:00:00 |w 2023-11-26 |y BK | ||
| 999 | |c 10483 |d 10483 | ||
| 010 | |a 74235233 | ||
| 035 | |a ocm22637513 | ||
| 040 | |c ARCE Library | ||
| 050 | 4 | |a PJ7808 .H315 M8 1927 | |
| 100 | 1 | |6 880-01 |a Abū Ḥajjāj, Yūsuf, |e author | |
| 245 | 1 | 0 | |6 880-02 |a Mudhakkirāt futūwah / |c taʼlīf Yūsuf Abū Ḥajjāj. |
| 264 | 1 | |a Miṣr : |b Ḥusnī Yūsuf, |c [1927]. | |
| 300 | |a 78 pages (pages 73-78 advertisements), |c 23 cm. | ||
| 500 | |a "Qiṣṣah adabīyah fakāhīyah intiqādīyah taʻṭīka ṣūratan jallīyatan min akhlāq wa-ʻādat wa-ādāb wa-iṣtilāḥāt ikhtaṣṣat bihā ṭabaqah min ʻāmmah al-Miṣrīyīn wa-hum alladhīna yalqubūn bi-al-futuwāt, allafahā baṭal waqāʼʻihā al-muʻallim Yūsuf Abū Ḥajjāj wa-imlāhā ʻAlī [Ḥusnī Yūsuf] ṣāḥib jarīdat Lisān al-shaʻb." | ||
| 555 | |a .alaa-sweed | ||
| 650 | 0 | |a Arabic fiction |z 20th Century. | |
| 852 | |a IN |c 20090707085501.0n |p 9762 | ||
| 880 | 1 | |6 100-01/(3/r |a أبو حجاج، يوسف | |
| 880 | 1 | 0 | |6 245-02/(3/r |a مذكرات فتوة |c تأليف يوسف أبو حجاج. |
| 901 | |a reviewed | ||
| 942 | |c BK |2 lcc | ||
